000
00353nam a2200133Ia 4500
008
151001s9999||||xx |||||||||||||| ||und||
100
_a
अलि सलीम
245
_a
भारतीय पक्षी
250
_a
1
260
_b
नशनल बुक ट्रस्ट मुंबई
260
_c
1967
300
_a
121
365
_b
20
999
_c
958193
_d
958190